| 000 | 00771nam a2200253 a 4500 | ||
|---|---|---|---|
| 001 | BRCA_5430 | ||
| 005 | 20190320205056.0 | ||
| 008 | 131210s1948----gw-a######---#000-0#ger-# | ||
| 041 | _ager | ||
| 044 | _agw | ||
| 050 | 4 |
_aND461 _b.H37 1948 |
|
| 100 | 1 |
_aHartlaub, G.F. _913866 |
|
| 245 | 1 | 0 |
_aDie Grossen englischen maler der blütezeit _b1750-1840 _cvon G.F. Hartlaub. |
| 260 |
_aMúnich _bMünchner : Bisher F. Bruckmann _c1948 |
||
| 300 |
_a183 p. _bil., (algunas a color) 115 láminas _c26 cm. |
||
| 500 | _aIncluye índice de artistas | ||
| 500 | _aE146 | ||
| 600 | 1 | 4 |
_aMaler der Blutezeit _d1730-1840 _913867 |
| 650 | 1 | 4 |
_aPintura inglesa _99430 |
| 650 | 1 | 4 |
_aPintores ingleses _913697 |
| 650 | 1 | 4 |
_aPintura _xHistoria _913868 |
| 902 | _aGFM | ||
| 942 |
_2lcc _cB |
||
| 999 |
_c5124 _d5124 |
||